[Event "Sparkassen-Open B"]
[Site "Heusenstamm, Martinsee"]
[Date "2018.11.23"]
[Round "3.39"]
[White "Häfner, Günther"]
[Black "Wöhl, Torsten"]
[Result "1/2-1/2"]
[WhiteElo "1261"]
[BlackElo "1529"]
[PlyCount "28"]
[EventDate "2018.??.??"]
[WhiteTeam "Berkershm"]
[BlackTeam "SC Groß-Zimmern"]

1. e4 e6 2. d4 d5 3. exd5 exd5 4. Nf3 Nf6 5. Nc3 Bg4 6. Be2 Bd6 7. Nb5 O-O 8.
Nxd6 Qxd6 9. O-O Nbd7 10. Re1 a6 11. Be3 Bf5 12. Nh4 Be6 13. Bd3 Ng4 14. Nf3 c5
1/2-1/2

[Event "Sparkassen-Open B"]
[Site "Heusenstamm, Martinsee"]
[Date "2018.11.23"]
[Round "3.40"]
[White "Bayer, Melissa"]
[Black "Bergmann, Lennart"]
[Result "1-0"]
[WhiteElo "1497"]
[BlackElo "1193"]
[PlyCount "87"]
[EventDate "2018.??.??"]
[WhiteTeam "SC Heusenstamm"]
[BlackTeam "VSG Offenbach"]

1. e4 d5 2. exd5 Qxd5 3. Nc3 Qd6 4. d4 c6 5. h3 Bf5 6. Bc4 Nf6 7. Nf3 Nbd7 8.
Nh4 Bg6 9. Be3 e6 10. Nxg6 hxg6 11. Qf3 Qc7 12. O-O-O O-O-O 13. Bf4 Bd6 14.
Bxd6 Qxd6 15. Rhe1 Rh4 16. Ne4 Qf4+ 17. Qxf4 Rxf4 18. Nd6+ Kc7 19. Nxf7 Nf8 20.
Nxd8 Kxd8 21. f3 Kd7 22. Re2 Ne8 23. c3 Nc7 24. Re5 Rf6 25. Rde1 Kd6 26. R1e4
a6 27. Rg4 Ke7 28. h4 Ne8 29. Bd3 Kf7 30. h5 gxh5 31. Rxh5 Kg8 32. Rhg5 Rh6 33.
f4 Rh1+ 34. Kd2 Rh6 35. f5 Nh7 36. Rg6 Rxg6 37. Rxg6 exf5 38. Bxf5 Nhf6 39. g4
Nd6 40. Be6+ Kh7 41. Bf5 Kg8 42. Kd3 Kf7 43. c4 Nc8 44. Rxf6+ 1-0

[Event "Sparkassen-Open B"]
[Site "Heusenstamm, Martinsee"]
[Date "2018.11.23"]
[Round "3.41"]
[White "Bayer, Oliver"]
[Black "Döll-Hentschker, Susanne"]
[Result "1-0"]
[WhiteElo "1497"]
[BlackElo "1148"]
[PlyCount "97"]
[EventDate "2018.??.??"]
[WhiteTeam "SC Heusenstamm"]
[BlackTeam "VSG Offenbach"]

1. e4 d5 2. exd5 Qxd5 3. Nc3 Qd6 4. d4 Nf6 5. Nf3 c6 6. Bc4 Bf5 7. Ng5 e6 8.
Be3 h6 9. Nf3 Be7 10. Bd3 Bxd3 11. Qxd3 O-O 12. O-O Nbd7 13. Rad1 Rfe8 14. a3
a5 15. Ne4 Nxe4 16. Qxe4 Nf6 17. Qd3 Ng4 18. c4 Nxe3 19. fxe3 Bf6 20. Rfe1 c5
21. Rd2 cxd4 22. exd4 b6 23. Red1 e5 24. dxe5 Qxd3 25. Rxd3 Bxe5 26. Nxe5 Rxe5
27. Rd8+ Rxd8 28. Rxd8+ Kh7 29. Kf2 Kg6 30. Rd6+ Re6 31. Rxe6+ fxe6 32. b4 Kf6
33. Kf3 Ke7 34. Ke4 Kd6 35. Kd4 e5+ 36. Ke4 g6 37. g4 Ke6 38. c5 bxc5 39. bxa5
c4 40. a6 c3 41. Kd3 e4+ 42. Kxc3 Ke5 43. a7 e3 44. a8=Q Kf4 45. Kd3 Kxg4 46.
Kxe3 Kh3 47. Qf3+ Kh4 48. h3 h5 49. Qf4+ 1-0

[Event "Sparkassen-Open B"]
[Site "Heusenstamm, Martinsee"]
[Date "2018.11.23"]
[Round "3.42"]
[White "Solovej, Philip"]
[Black "Buchholz, Maja"]
[Result "0-1"]
[WhiteElo "1131"]
[BlackElo "1327"]
[PlyCount "146"]
[EventDate "2018.??.??"]
[WhiteTeam "SK Gründau"]
[BlackTeam "SK Langen"]

1. e4 c5 2. Nf3 d6 3. Bc4 Nf6 4. d3 g6 5. Nc3 Bg7 6. h3 Nc6 7. Be3 Bd7 8. Qd2
a6 9. O-O b5 10. Bb3 b4 11. Ne2 a5 12. a3 O-O 13. Rfe1 Re8 14. Bh6 Bh8 15. Ng5
e6 16. Ng3 Re7 17. Nf3 Qc7 18. Bg5 Ree8 19. Re2 Reb8 20. a4 Be8 21. Ree1 Nd7
22. Rab1 Nb6 23. Qf4 Ne5 24. Nxe5 Bxe5 25. Qh4 Nxa4 26. Bf6 Bxf6 27. Qxf6 Nb6
28. Qg5 a4 29. Ba2 Qd8 30. Qg4 a3 31. bxa3 Rxa3 32. Bb3 Ba4 33. f4 Bxb3 34.
Rxb3 Rba8 35. f5 Qe7 36. fxg6 hxg6 37. Rf1 Ra1 38. h4 Rxf1+ 39. Nxf1 Ra1 40. h5
Qf6 41. Qe2 gxh5 42. c3 c4 43. Rxb4 Qxc3 44. Qxh5 Qd4+ 45. Kh2 Qc5 46. Qxc5
dxc5 47. Rxb6 Rxf1 48. dxc4 Rc1 49. Kg3 Rxc4 50. Kf4 Rc2 51. g3 c4 52. Rc6 Rc3
53. g4 Kg7 54. g5 Kg6 55. Rc8 Rc1 56. Rg8+ Kh7 57. Rc8 Kg7 58. Kg4 c3 59. Kf4
c2 60. Ke5 Kh7 61. Rc7 Kg6 62. Rc8 Kxg5 63. Rg8+ Kh4 64. Rh8+ Kg3 65. Rg8+ Kf3
66. Rc8 Ke3 67. Rc7 f6+ 68. Kxe6 Kxe4 69. Rc4+ Kd3 70. Kd5 Rd1 71. Rd4+ Kc3 72.
Rxd1 cxd1=Q+ 73. Ke6 Qf3 0-1

[Event "Sparkassen-Open B"]
[Site "Heusenstamm, Martinsee"]
[Date "2018.11.23"]
[Round "3.43"]
[White "Schulze, Tim"]
[Black "Miranda Martin, Pablo Mateo"]
[Result "1-0"]
[WhiteElo "1228"]
[BlackElo "1736"]
[PlyCount "39"]
[EventDate "2018.??.??"]
[WhiteTeam "SC Lüneburg"]
[BlackTeam "SV Walldorf"]

1. d4 Nf6 2. c4 c5 3. d5 b5 4. cxb5 a6 5. Nc3 axb5 6. e4 b4 7. Nb5 d6 8. Bc4
Qb6 9. e5 Nfd7 10. exd6 exd6 11. Bf4 Be7 12. Qe2 Kd8 13. Nf3 Re8 14. O-O Bf6
15. Qd3 Bxb2 16. Rae1 Rxe1 17. Rxe1 f6 18. Bxd6 Na6 19. Qxh7 Nab8 20. Qg8+ 1-0

[Event "Sparkassen-Open B"]
[Site "Heusenstamm, Martinsee"]
[Date "2018.11.23"]
[Round "3.44"]
[White "Wohlrabe, Jörg"]
[Black "Martin, Lukas"]
[Result "1-0"]
[WhiteElo "1772"]
[BlackElo "1439"]
[PlyCount "63"]
[EventDate "2018.??.??"]
[WhiteTeam "SV Gifhorn"]
[BlackTeam "SC Bad Soden"]

1. e4 c5 2. Nf3 e6 3. d4 cxd4 4. Nxd4 Nc6 5. c3 Qc7 6. Be3 Nf6 7. Nd2 Be7 8.
Be2 O-O 9. O-O a6 10. f4 b5 11. Nxc6 Qxc6 12. Bf3 Bb7 13. Bd4 Qc7 14. Bxf6 Bxf6
15. e5 Be7 16. Ne4 Bxe4 17. Bxe4 Rab8 18. Qd3 d6 19. Bxh7+ Kh8 20. Qh3 Bh4 21.
Qxh4 Rfc8 22. exd6 Qxd6 23. Rad1 Qb6+ 24. Kh1 Rd8 25. Bc2+ Kg8 26. Rxd8+ Rxd8
27. f5 e5 28. h3 f6 29. Bb3+ Kf8 30. Qh8+ Ke7 31. Qxg7+ Kd6 32. Qxf6+ 1-0

[Event "Sparkassen-Open B"]
[Site "Heusenstamm, Martinsee"]
[Date "2018.11.23"]
[Round "3.45"]
[White "Plötz, Hans-Jürgen"]
[Black "Al-Butmeh, Firas"]
[Result "1-0"]
[WhiteElo "1622"]
[BlackElo "1401"]
[PlyCount "37"]
[EventDate "2018.??.??"]
[WhiteTeam "SC Bad Nauheim"]
[BlackTeam "SV Lahn Limburg"]

1. d4 Nf6 2. Nf3 g6 3. Bf4 Bg7 4. e3 O-O 5. c4 d6 6. Nc3 Bf5 7. Be2 c5 8. h3
Nbd7 9. Nh4 e5 10. Nxf5 gxf5 11. dxe5 dxe5 12. Bg5 Qc7 13. Qc2 e4 14. O-O Qe5
15. Bf4 Qe7 16. Rad1 Ne5 17. Nb5 a6 18. Nd6 Ne8 19. Nxf5 1-0

[Event "Sparkassen-Open B"]
[Site "Heusenstamm, Martinsee"]
[Date "2018.11.23"]
[Round "3.46"]
[White "Martin, Peter"]
[Black "Uphoff, Jürgen"]
[Result "1/2-1/2"]
[WhiteElo "1319"]
[BlackElo "1581"]
[PlyCount "47"]
[EventDate "2018.??.??"]
[WhiteTeam "SC Wittlich"]
[BlackTeam "vereinslos"]

1. e4 c6 2. Nf3 d5 3. e5 h6 4. d4 Bf5 5. c4 dxc4 6. Bxc4 e6 7. O-O Ne7 8. Nc3
Nd7 9. Bf4 Nb6 10. Bb3 Ned5 11. Bg3 Be7 12. Qd2 O-O 13. Rfe1 Qc7 14. Ne4 Bb4
15. Nc3 Nxc3 16. bxc3 Ba5 17. Re2 Nd5 18. Rc1 Rfd8 19. Nh4 Bh7 20. Bc2 Nxc3 21.
Bxh7+ Kxh7 22. Rxc3 Bxc3 23. Qd3+ Kg8 24. Qxc3 1/2-1/2

[Event "Sparkassen-Open B"]
[Site "Heusenstamm, Martinsee"]
[Date "2018.11.23"]
[Round "3.47"]
[White "Kremenetskiy, Igor"]
[Black "Dixon, Laura Michaela"]
[Result "0-1"]
[WhiteElo "1520"]
[BlackElo "1163"]
[PlyCount "72"]
[EventDate "2018.??.??"]
[WhiteTeam "SF Heusenstamm"]
[BlackTeam "VSG Offenbach"]

1. e4 e5 2. Nf3 Nc6 3. Bc4 Bc5 4. Nc3 d6 5. h3 Nf6 6. a3 Be6 7. Bb5 O-O 8. O-O
a6 9. Be2 d5 10. exd5 Nxd5 11. Ne4 Bd6 12. d3 h6 13. Nh2 Qe7 14. b4 f5 15. Nxd6
cxd6 16. Bb2 b5 17. Bf3 Rac8 18. Re1 Qf6 19. Rc1 Nf4 20. c4 bxc4 21. dxc4 Rfd8
22. Qd2 Qg5 23. Kh1 e4 24. g3 Nd3 25. Qe2 Nxc1 26. Bxc1 Qf6 27. Bb2 Qf7 28. Bg2
Bxc4 29. Qe3 d5 30. Nf1 d4 31. Qc1 Ne5 32. Qa1 Nd3 33. Re2 Nxb2 34. Rxb2 Bxf1
35. Bxf1 d3 36. Qd1 Rc7 0-1

[Event "Sparkassen-Open B"]
[Site "Heusenstamm, Martinsee"]
[Date "2018.11.23"]
[Round "3.48"]
[White "Welker, Alexandra"]
[Black "Hahnenstein, Leon"]
[Result "1/2-1/2"]
[WhiteElo "1308"]
[BlackElo "1505"]
[PlyCount "38"]
[EventDate "2018.??.??"]
[WhiteTeam "TuS Makkabi"]
[BlackTeam "SC Herborn"]

1. e4 e5 2. Nf3 Nc6 3. Bc4 Bc5 4. c3 Nf6 5. d4 exd4 6. cxd4 Bb6 7. Nc3 O-O 8.
Bg5 h6 9. Bh4 Re8 10. Bxf6 gxf6 11. O-O d6 12. Nd5 Kg7 13. Qd3 Rg8 14. Bb3 Bg4
15. Nxb6 axb6 16. Nh4 Kh8 17. Nf5 Bxf5 18. exf5 Rg5 19. f4 Rg7 1/2-1/2

[Event "Sparkassen-Open B"]
[Site "Heusenstamm, Martinsee"]
[Date "2018.11.23"]
[Round "3.49"]
[White "Moldenhauer, Lennart"]
[Black "Englert, Lin"]
[Result "1/2-1/2"]
[WhiteElo "1488"]
[BlackElo "1294"]
[PlyCount "40"]
[EventDate "2018.??.??"]
[WhiteTeam "SV Oberursel"]
[BlackTeam "TV-Großostheim"]

1. e4 c5 2. Nf3 Nc6 3. d4 cxd4 4. Nxd4 g6 5. c4 Bg7 6. Be3 Nf6 7. Nc3 O-O 8.
Be2 e6 9. Qd2 d5 10. cxd5 exd5 11. exd5 Nxd5 12. Nxc6 bxc6 13. Nxd5 Qxd5 14.
Bf3 Qxd2+ 15. Kxd2 Bb7 16. Rab1 Rad8+ 17. Ke2 a6 18. Rhc1 Rc8 19. Rc2 Rfd8 20.
b3 Bd4 1/2-1/2

[Event "Sparkassen-Open B"]
[Site "Heusenstamm, Martinsee"]
[Date "2018.11.23"]
[Round "3.50"]
[White "Hölß, Silas"]
[Black "Wiese, Frank"]
[Result "0-1"]
[WhiteElo "1483"]
[BlackElo "1345"]
[PlyCount "92"]
[EventDate "2018.??.??"]
[WhiteTeam "SSG Hungen-Lich"]
[BlackTeam "SF Frankfurt"]

1. e4 e5 2. Nf3 Nc6 3. Bc4 Bc5 4. b4 Bxb4 5. c3 Ba5 6. d4 d6 7. Ng5 Nh6 8. Qh5
Qf6 9. O-O Bb6 10. Be3 exd4 11. cxd4 Bxd4 12. Bxd4 Nxd4 13. Nc3 c6 14. Rad1 Bg4
15. Bxf7+ Nxf7 16. Qxf7+ Qxf7 17. Nxf7 Bxd1 18. Nxd6+ Ke7 19. Rxd1 Kxd6 20.
Rxd4+ Ke6 21. f4 Rhd8 22. Ne2 Rd7 23. Kf2 Rad8 24. Ke3 c5 25. Rxd7 Rxd7 26. e5
g6 27. Nc3 a6 28. Ne4 b6 29. Nd6 b5 30. Ke4 c4 31. Kd4 Rc7 32. g4 c3 33. f5+
Ke7 34. f6+ Ke6 35. f7 Rxf7 36. Kxc3 Rc7+ 37. Kd4 Rc2 38. Ne4 Rc4+ 39. Kd3 Kxe5
40. Nc3 Rxg4 41. Ne2 h5 42. h3 Rg2 43. Ke3 Rh2 44. Nf4 Kf5 45. a3 Ra2 46. Nd5
Rxa3+ 0-1

[Event "Sparkassen-Open B"]
[Site "Heusenstamm, Martinsee"]
[Date "2018.11.23"]
[Round "3.51"]
[White "Stollreiter, Marc"]
[Black "Boder, Jörg"]
[Result "1-0"]
[WhiteElo "1204"]
[BlackElo "1466"]
[PlyCount "65"]
[EventDate "2018.??.??"]
[WhiteTeam "Kölner SK Dr. Lasker"]
[BlackTeam "SG Mörsdorf-Lahr"]

1. c4 b6 2. d4 Nf6 3. Nc3 c5 4. d5 a6 5. a4 d6 6. e4 Nbd7 7. Bd3 Ne5 8. Be2 g6
9. f4 Ned7 10. Nf3 b5 11. axb5 Bg7 12. bxa6 Rxa6 13. Rxa6 Bxa6 14. Qa4 Qb6 15.
e5 dxe5 16. fxe5 Ng8 17. O-O Nh6 18. Rd1 Nf5 19. Ne4 Nd4 20. Nxd4 cxd4 21. c5
Qa7 22. Qxa6 Qxa6 23. Bxa6 Bxe5 24. Bb5 Kd8 25. b4 f5 26. Ng5 Ke8 27. Bxd7+
Kxd7 28. Nf7 Bf6 29. Nxh8 Bxh8 30. Bf4 g5 31. c6+ Kc8 32. Bxg5 Be5 33. Bxe7 1-0

[Event "Sparkassen-Open B"]
[Site "Heusenstamm, Martinsee"]
[Date "2018.11.23"]
[Round "3.52"]
[White "Richter, Tim"]
[Black "Eckhoff, Mathias"]
[Result "1/2-1/2"]
[WhiteElo "1118"]
[BlackElo "1463"]
[PlyCount "67"]
[EventDate "2018.??.??"]
[WhiteTeam "SF Heidesheim"]
[BlackTeam "SK Hungen"]

1. d4 d5 2. Bf4 Bf5 3. e3 e6 4. Nf3 Bd6 5. Bg3 Nf6 6. Bd3 Bg6 7. Ne5 Nbd7 8.
Nxg6 hxg6 9. Bxd6 cxd6 10. c4 a6 11. Nc3 dxc4 12. Bxc4 d5 13. Bd3 O-O 14. O-O
Nb6 15. b3 Rc8 16. Rc1 Qd6 17. h3 Rc7 18. Qd2 Rfc8 19. Rc2 e5 20. Ne2 e4 21.
Rxc7 Rxc7 22. Bb1 g5 23. Rc1 Rxc1+ 24. Qxc1 Qc6 25. Qxc6 bxc6 26. Nc3 Ne8 27.
Kf1 Nc7 28. a4 a5 29. Ke2 f5 30. g4 g6 31. f3 Ne6 32. Nd1 Kf7 33. Nf2 Kf6 34.
Bc2 1/2-1/2

[Event "Sparkassen-Open B"]
[Site "Heusenstamm, Martinsee"]
[Date "2018.11.23"]
[Round "3.53"]
[White "Goetz, Fenja"]
[Black "Griesfeller, Sven"]
[Result "1/2-1/2"]
[WhiteElo "1343"]
[BlackElo "1332"]
[PlyCount "68"]
[EventDate "2018.??.??"]
[WhiteTeam "SK Bad Homburg"]
[BlackTeam "SG Wächtersbach"]

1. e4 e5 2. Nf3 Nc6 3. d4 exd4 4. Bc4 Bb4+ 5. c3 dxc3 6. O-O Nf6 7. a3 Bd6 8.
Nxc3 O-O 9. Re1 Ne5 10. Bb3 Nxf3+ 11. Qxf3 Be5 12. Bg5 h6 13. Bh4 Qe7 14. Rad1
d6 15. h3 Be6 16. Nd5 Bxd5 17. exd5 Qd7 18. Re2 Rfe8 19. Rdd2 Nh7 20. Qd3 Bf4
21. Bc2 g6 22. Rxe8+ Rxe8 23. Re2 Re5 24. Rxe5 Bxe5 25. b4 Nf6 26. Bxf6 Bxf6
27. Qe3 Qe7 28. Qxa7 Qe1+ 29. Kh2 Be5+ 30. g3 Bxg3+ 31. Kxg3 Qc3+ 32. f3 Qxc2
33. Qxb7 Qc3 34. a4 Qe5+ 1/2-1/2

[Event "Sparkassen-Open B"]
[Site "Heusenstamm, Martinsee"]
[Date "2018.11.23"]
[Round "3.54"]
[White "Leichum, Engelbert"]
[Black "Homfeldt, Maren"]
[Result "1-0"]
[WhiteElo "1700"]
[BlackElo "1211"]
[PlyCount "79"]
[EventDate "2018.??.??"]
[WhiteTeam "vereinslos"]
[BlackTeam "SC Noris-Tarrasch Nürnberg"]

1. e4 d6 2. d4 b6 3. Bc4 Bb7 4. Nc3 e6 5. Nf3 a6 6. O-O h6 7. e5 d5 8. Bd3 g6
9. Ne2 Bg7 10. b3 Ne7 11. Nf4 Nbc6 12. c3 b5 13. Qc2 Na5 14. Ba3 g5 15. Nh5 O-O
16. Qd2 Nf5 17. g4 Ne7 18. Nxg7 Kxg7 19. Nxg5 hxg5 20. Qxg5+ Ng6 21. Bxf8+ Kxf8
22. Qh6+ Kg8 23. f4 Qf8 24. Qh5 Qg7 25. Rf3 Qh7 26. Qg5 Bc6 27. f5 Rf8 28. f6
Be8 29. Rg3 Qh4 30. Qe3 Nc6 31. Kh1 Nb8 32. Rag1 b4 33. cxb4 Bb5 34. Bc2 Nc6
35. a3 a5 36. bxa5 Nxa5 37. Rh3 Nxb3 38. Bxb3 Qxh3 39. Qxh3 Nf4 40. Qh6 1-0

[Event "Sparkassen-Open B"]
[Site "Heusenstamm, Martinsee"]
[Date "2018.11.23"]
[Round "3.55"]
[White "Schwab, Tizian"]
[Black "Gude, Michael"]
[Result "0-1"]
[WhiteElo "1318"]
[BlackElo "1666"]
[PlyCount "120"]
[EventDate "2018.??.??"]
[WhiteTeam "TV-Großostheim"]
[BlackTeam "SF Fürth"]

1. e4 e6 2. d4 d5 3. e5 c5 4. c3 Qb6 5. a3 Nc6 6. Nf3 cxd4 7. cxd4 Nge7 8. b4
Nf5 9. Be3 Nxe3 10. fxe3 Be7 11. Nc3 O-O 12. Bd3 f6 13. exf6 Bxf6 14. Na4 Qd8
15. Nc5 e5 16. dxe5 Nxe5 17. Rb1 Nxf3+ 18. gxf3 Bc3+ 19. Ke2 Qf6 20. Qf1 Be5
21. Qf2 b6 22. Nb3 Bd7 23. h4 Rae8 24. Rbf1 Bf4 25. e4 Qb2+ 26. Ke1 Qxb3 27.
Qc2 Qxc2 28. Bxc2 dxe4 29. fxe4 Bg3+ 30. Kd2 Rxf1 31. Rxf1 Bxh4 32. Bb3+ Be6
33. Bxe6+ Rxe6 34. Kd3 a5 35. Rb1 axb4 36. Rxb4 Be1 37. Rb1 Ba5 38. Kd4 h6 39.
Rf1 Rd6+ 40. Ke3 Bc3 41. Rf3 Bb2 42. Ke2 Rc6 43. Kd2 Bf6 44. Rb3 Be7 45. Kd3
Kf7 46. Kd4 Ke6 47. a4 Bf6+ 48. Kd3 g5 49. Rb5 h5 50. Ke3 Be5 51. Kf3 g4+ 52.
Kg2 h4 53. Rd5 Rd6 54. Rb5 h3+ 55. Kh1 g3 56. Rb1 g2+ 57. Kg1 Bd4+ 58. Kh2
g1=Q+ 59. Rxg1 Bxg1+ 60. Kxg1 Rd2 0-1

[Event "Sparkassen-Open B"]
[Site "Heusenstamm, Martinsee"]
[Date "2018.11.23"]
[Round "3.56"]
[White "Krieger, Roy"]
[Black "Denz, Markus"]
[Result "0-1"]
[WhiteElo "1312"]
[BlackElo "1580"]
[PlyCount "58"]
[EventDate "2018.??.??"]
[WhiteTeam "Muldental Wilkau-Haßlau"]
[BlackTeam "SC Hattersheim"]

1. d4 Nf6 2. Nf3 e6 3. Bf4 d5 4. e3 Be7 5. Be2 O-O 6. h3 Nbd7 7. Nbd2 c5 8. c3
b6 9. Qc1 Bb7 10. O-O Rc8 11. Re1 Ne4 12. Ne5 Nxe5 13. Bxe5 f6 14. Bh2 Bd6 15.
Bxd6 Qxd6 16. Bf3 f5 17. a3 Rc7 18. Bh5 Qe7 19. Bd1 Qh4 20. Nxe4 fxe4 21. Qd2
Rcf7 22. Rf1 Ba6 23. Be2 Rxf2 24. Bxa6 Rxd2 25. Rxf8+ Kxf8 26. Rf1+ Ke7 27.
dxc5 Qg3 28. Rf2 Qxf2+ 29. Kh1 Qxg2# 0-1

[Event "Sparkassen-Open B"]
[Site "Heusenstamm, Martinsee"]
[Date "2018.11.23"]
[Round "3.57"]
[White "Werner, Florin"]
[Black "Laznik, Zeljko"]
[Result "0-1"]
[WhiteElo "1234"]
[BlackElo "1523"]
[PlyCount "90"]
[EventDate "2018.??.??"]
[WhiteTeam "VSG Offenbach"]
[BlackTeam "SF Heusenstamm"]

1. e4 e5 2. Nf3 Nc6 3. Bc4 h6 4. d3 Bc5 5. Be3 Bxe3 6. fxe3 d6 7. h3 a6 8. Nbd2
Na5 9. Bb3 Nf6 10. O-O h5 11. Nh4 g6 12. Qf3 Nxb3 13. axb3 g5 14. Nf5 Rh7 15.
Qf2 Be6 16. Nf3 Ng8 17. d4 f6 18. d5 Bf7 19. c4 Qd7 20. Rfc1 Bg6 21. Nd2 Ne7
22. Rf1 Bxf5 23. exf5 O-O-O 24. e4 Kb8 25. Ra5 c5 26. Rfa1 Rg8 27. g3 Rh6 28.
R1a4 Nc8 29. Nf1 Kc7 30. Ne3 Kd8 31. Qd2 Ke7 32. b4 Nb6 33. Ra2 Rc8 34. b3 Rhh8
35. b5 axb5 36. Rxb5 Qc7 37. Qa5 Ra8 38. Qd2 Rxa2 39. Qxa2 Ra8 40. Qb2 Nd7 41.
b4 Ra4 42. bxc5 Nxc5 43. Nc2 Rxc4 44. Qa2 Nxe4 45. Qb3 Nd2 0-1

[Event "Sparkassen-Open B"]
[Site "Heusenstamm, Martinsee"]
[Date "2018.11.23"]
[Round "3.58"]
[White "Bosse, Christian"]
[Black "Lochmann, Tobias"]
[Result "1-0"]
[WhiteElo "1520"]
[BlackElo "1203"]
[PlyCount "41"]
[EventDate "2018.??.??"]
[WhiteTeam "SF Nordost Berlin"]
[BlackTeam "SV Groß-Gerau"]

1. c4 c5 2. g3 e5 3. Bg2 d6 4. Nc3 Be6 5. b3 g6 6. Bb2 Bg7 7. Bxb7 Nd7 8. Bxa8
Qxa8 9. e4 Ngf6 10. d3 O-O 11. h3 Nb6 12. Nf3 Bd7 13. Qc2 Bc6 14. O-O d5 15.
cxd5 Bb7 16. Nxe5 Nfxd5 17. Nxd5 Qe8 18. Nc4 Bxb2 19. Qxb2 Qb8 20. Nf6+ Kg7 21.
Nd7+ 1-0

[Event "Sparkassen-Open B"]
[Site "Heusenstamm, Martinsee"]
[Date "2018.11.23"]
[Round "3.60"]
[White "Tobias, Karolin"]
[Black "Klein, Simon"]
[Result "1-0"]
[WhiteElo "924"]
[BlackElo "1377"]
[PlyCount "121"]
[EventDate "2018.??.??"]
[WhiteTeam "SV Oberursel"]
[BlackTeam "SK Hungen"]

1. e4 d6 2. Nf3 Nd7 3. Nc3 Ngf6 4. Bb5 c6 5. Bc4 e5 6. d3 Be7 7. d4 h6 8. Be3
Ng4 9. Qd2 Qc7 10. h3 Nxe3 11. Qxe3 b5 12. Bb3 Nf6 13. d5 b4 14. Ne2 cxd5 15.
exd5 a5 16. a3 Qb7 17. Qd3 e4 18. Qe3 exf3 19. Qxf3 a4 20. Bc4 bxa3 21. bxa3
Qb2 22. O-O Qxc2 23. Rac1 Qf5 24. Qe3 Nxd5 25. Bxd5 Qxd5 26. Rfe1 Bb7 27. Nf4
Qe5 28. Qb6 Qxf4 29. Qxb7 O-O 30. Qxe7 Rfe8 31. Qxe8+ Rxe8 32. Rxe8+ Kh7 33.
Rd1 Kg6 34. Rd8 Kf6 35. R8xd6+ Ke7 36. R6d4 Qb8 37. Rxa4 Qb3 38. Rdd4 Qb1+ 39.
Kh2 Qb8+ 40. g3 Qb2 41. Rf4 Qb6 42. Rab4 Qa6 43. a4 g5 44. Rfe4+ Kd6 45. Rb2
Kd5 46. Reb4 f5 47. Rb5+ Ke4 48. R2b4+ Kf3 49. Rxf5+ Ke2 50. Rd5 Kxf2 51. Re4
Qg6 52. Rde5 h5 53. Re8 Kf3 54. Re1 Kf2 55. R8e3 h4 56. R1e2+ Kf1 57. Rb2 hxg3+
58. Rxg3 Qd6 59. a5 Qe5 60. Ra2 Qd5 61. Rg1# 1-0

[Event "Sparkassen-Open B"]
[Site "Heusenstamm, Martinsee"]
[Date "2018.11.23"]
[Round "3.61"]
[White "Scheerer, Julian"]
[Black "Tobias, Franziska Ylvi"]
[Result "1-0"]
[WhiteElo "1364"]
[BlackElo "797"]
[PlyCount "55"]
[EventDate "2018.??.??"]
[WhiteTeam "SV 1934 Ffm-Griesheim"]
[BlackTeam "SV Oberursel"]

1. e4 e5 2. Nf3 Nc6 3. Bc4 Bc5 4. c3 d6 5. d4 exd4 6. cxd4 Bb4+ 7. Bd2 Bxd2+ 8.
Nbxd2 Nf6 9. O-O O-O 10. Re1 Bg4 11. Nf1 Nh5 12. h3 Bxf3 13. Qxf3 Qg5 14. Rad1
Nf4 15. Ne3 Rad8 16. Nd5 Ng6 17. Nxc7 Nh4 18. Qg4 Qe7 19. Nd5 Qd7 20. Nf6+ Kh8
21. Nxd7 Rfe8 22. Nf6 gxf6 23. Qxh4 Rg8 24. Qxf6+ Rg7 25. Re3 Rf8 26. Rg3 Rfg8
27. Bxf7 Rf8 28. Qxg7# 1-0

[Event "Sparkassen-Open B"]
[Site "Heusenstamm, Martinsee"]
[Date "2018.11.23"]
[Round "3.62"]
[White "Papadopoulos, Leon"]
[Black "Tarini, Jagadeesh"]
[Result "0-1"]
[WhiteElo "1329"]
[BlackElo "1016"]
[PlyCount "40"]
[EventDate "2018.??.??"]
[WhiteTeam "SV Oberursel"]
[BlackTeam "Singapore"]
[BlackTeamCountry "SIN"]

1. e4 e5 2. Nf3 Nc6 3. Bc4 Bc5 4. c3 Nf6 5. d4 exd4 6. cxd4 Bb4+ 7. Bd2 Nxe4 8.
Bxb4 Nxb4 9. Bxf7+ Kxf7 10. Qb3+ d5 11. Qxb4 Re8 12. Ne5+ Kg8 13. O-O Qf6 14.
Nc3 Nxc3 15. Qxc3 Rf8 16. Qxc7 Qg5 17. Rfe1 Bh3 18. g3 Qd2 19. Rad1 Qxf2+ 20.
Kh1 Qg2# 0-1

[Event "Sparkassen-Open B"]
[Site "Heusenstamm, Martinsee"]
[Date "2018.11.24"]
[Round "4.1"]
[White "Illenberger, Dirk"]
[Black "Haftmann, Rainer"]
[Result "0-1"]
[WhiteElo "1704"]
[BlackElo "1693"]
[PlyCount "46"]
[EventDate "2018.??.??"]
[WhiteTeam "Berkershm"]
[BlackTeam "SG Dietzenbach"]

1. d4 Nf6 2. Bf4 d5 3. e3 Bf5 4. Bd3 Bg6 5. Nf3 Nbd7 6. O-O e6 7. c4 c6 8. Nc3
Be7 9. h3 O-O 10. Bxg6 hxg6 11. c5 Nh7 12. b4 a6 13. a4 g5 14. Bh2 f5 15. Ne5
Nxe5 16. Bxe5 Nf6 17. Qd3 Qe8 18. Rfb1 Qh5 19. b5 axb5 20. axb5 g4 21. hxg4
Nxg4 22. Qe2 Rxa1 23. Rxa1 f4 0-1

[Event "Sparkassen-Open B"]
[Site "Heusenstamm, Martinsee"]
[Date "2018.11.24"]
[Round "4.2"]
[White "Wirtjes, Edzard"]
[Black "Draxler, Gottfried"]
[Result "1-0"]
[WhiteElo "1705"]
[BlackElo "1767"]
[PlyCount "111"]
[EventDate "2018.??.??"]
[WhiteTeam "VfR Heisfelde"]
[BlackTeam "SF Neuberg"]

1. c4 c5 2. Nc3 Nc6 3. g3 Nf6 4. Bg2 e6 5. d3 Be7 6. Nf3 d5 7. cxd5 exd5 8. d4
c4 9. O-O O-O 10. h3 h6 11. Bf4 Be6 12. Ne5 Rc8 13. Nxc6 Rxc6 14. a3 Qd7 15.
Kh2 Rd8 16. Qc2 Bf5 17. e4 dxe4 18. Nxe4 Nxe4 19. Bxe4 Bxe4 20. Qxe4 Re6 21.
Qf3 Rf6 22. Qg2 Qd5 23. Be3 Qxg2+ 24. Kxg2 Rd5 25. a4 Rc6 26. Rfe1 Bf6 27. Red1
Rb6 28. Rd2 a6 29. Rad1 Kf8 30. Kf3 Ke7 31. Ke4 Ra5 32. Bf4 Rxa4 33. Be5 Bxe5
34. Kxe5 Re6+ 35. Kd5 Kd7 36. Rc1 Rd6+ 37. Ke4 Rb4 38. Rc3 g6 39. d5 b5 40. Kd4
Ra4 41. Re2 Kc7 42. Kc5 Ra1 43. Rce3 Rd1 44. Re7+ Rd7 45. Rxd7+ Kxd7 46. Kb6
Rxd5 47. Kxa6 Kd6 48. Ka5 Kc5 49. Re7 b4 50. Re8 b3 51. Rc8+ Kd4+ 52. Kb4 Rd7
53. Rxc4+ Kd5 54. Kc3 Rb7 55. Rb4 Rc7+ 56. Kxb3 1-0

[Event "Sparkassen-Open B"]
[Site "Heusenstamm, Martinsee"]
[Date "2018.11.24"]
[Round "4.3"]
[White "Füssel, Jan Michael"]
[Black "Wu, Sifan"]
[Result "1-0"]
[WhiteElo "1766"]
[BlackElo "1669"]
[PlyCount "107"]
[EventDate "2018.??.??"]
[WhiteTeam "VSG Offenbach"]
[BlackTeam "SV Oberursel"]

1. c4 c5 2. g3 Nc6 3. Bg2 Nf6 4. Nf3 e6 5. O-O Be7 6. b3 O-O 7. Bb2 d5 8. cxd5
exd5 9. d4 Re8 10. dxc5 Bxc5 11. e3 Qe7 12. Nc3 Rd8 13. Na4 Bd6 14. Nd4 Nxd4
15. Bxd4 Be5 16. Rc1 Bxd4 17. Qxd4 Bd7 18. Rc7 b6 19. Rfc1 Qd6 20. Nb2 h6 21.
Nd3 Rdc8 22. Qe5 Qe6 23. Qb2 Qd6 24. Rxc8+ Rxc8 25. Rxc8+ Bxc8 26. Qc3 Bf5 27.
Nf4 Be4 28. f3 Bf5 29. Kf2 Qa3 30. Qd2 Bb1 31. Nxd5 Nxd5 32. Qxd5 Bxa2 33. Qa8+
Kh7 34. Qe4+ g6 35. b4 Qb2+ 36. Kg1 b5 37. h4 Qb1+ 38. Qxb1 Bxb1 39. Bf1 a6 40.
Bh3 Bf5 41. Bxf5 gxf5 42. Kf2 Kg6 43. Ke2 Kf6 44. Kd3 Ke5 45. e4 fxe4+ 46. fxe4
f5 47. exf5 Kxf5 48. Ke3 h5 49. Kf3 a5 50. bxa5 b4 51. Ke3 Ke5 52. Kd3 Kd5 53.
a6 Kc6 54. Kc4 1-0

[Event "Sparkassen-Open B"]
[Site "Heusenstamm, Martinsee"]
[Date "2018.11.24"]
[Round "4.4"]
[White "Werner, Tom"]
[Black "Bengsch, Norbert"]
[Result "1/2-1/2"]
[WhiteElo "1693"]
[BlackElo "1763"]
[PlyCount "60"]
[EventDate "2018.??.??"]
[WhiteTeam "VSG Offenbach"]
[BlackTeam "SG Donautal Tuttlingen"]

1. c4 b6 2. Nc3 Bb7 3. Nf3 e6 4. e4 c5 5. d4 cxd4 6. Nxd4 Nc6 7. Nxc6 dxc6 8.
Be3 Bb4 9. Qc2 Qc7 10. a3 Bxc3+ 11. Qxc3 e5 12. Be2 Nf6 13. f3 O-O 14. O-O c5
15. Rfd1 Rfd8 16. Rac1 h6 17. b4 Nd7 18. Rd2 cxb4 19. axb4 Nf8 20. c5 Rxd2 21.
Bxd2 bxc5 22. Qxc5 Qxc5+ 23. Rxc5 Rc8 24. Rxc8 Bxc8 25. b5 Nd7 26. Bb4 f6 27.
Bc4+ Kh7 28. Bd6 g6 29. Bc7 Kg7 30. Bd6 Nb6 1/2-1/2